College Quizbowl Stats
College Quizbowl Stats
Circuits
Seasons
Sets
Records
Detailed Stats
About
Loading...
2024 ACF Winter at Brandeis
Tossups
Bonuses
Players
Teams
Categories (Tossup)
Categories (Bonus)
Jem
Yale B
Categories
Category
Powers
Gets
Negs
BBs
Points
Earliest Buzz
Avg. Buzz
First Buzzes
Top 3 Buzzes
BPA
PVF
Fine Arts - Visual
0
1
0
0
10
47
47.00
0
1
0.00
0.00
Literature - World/Other
0
1
0
0
10
86
86.00
0
1
0.00
0.00
Other Academic
0
1
0
0
10
95
95.00
0
0
0.00
0.00
Fine Arts - Other
0
0
1
0
-5
0.00
0
0
0.00
0.00
Buzzes
Category
Answer
Value
Buzz Position
Fine Arts - Visual
quilts
10
47
Literature - World/Other
Buendía
10
86
Fine Arts - Other
Sugar Plum Fairy
-5
86
Other Academic
footnotes
10
95
Previous
1
Next